| 000 | 00617nam a22001817a 4500 | ||
|---|---|---|---|
| 999 |
_c18396 _d18396 |
||
| 003 | BDDh-ASL | ||
| 005 | 20231015025715.0 | ||
| 008 | 200929s1963 enkca||| |||| 001 0 eng d | ||
| 040 |
_aBDDh-ASL _cBDDh-ASL _dBDDh-ASL |
||
| 082 |
_a923.254 _bLET |
||
| 245 | 1 | 0 |
_aLetters of the right honourable V. S. Srinivasa Sastri/ _cedited by T. N. Jagadisan. |
| 260 |
_aLondon: _bAsia Publishing House, _c1963. |
||
| 300 |
_axv, 377 p. : _c23 cm. |
||
| 504 | _a Includes bibliographical references and index. | ||
| 600 | 1 | 0 |
_91240 _aSastri, V. S. Srinivasa _xAutobiography |
| 700 | 1 |
_91239 _aJagadisan, T. N. |
|
| 942 |
_2ddc _cBK |
||